000 06136namaa22004571i 4500
003 EG-GICUC
005 20260416120955.0
008 260405s2025 ua a|||frm||| 000 0 eng d
040 _aEG-GICUC
_beng
_cEG-GICUC
_dEG-GICUC
_erda
041 0 _aeng
_beng
_bara
049 _aDeposit
082 0 4 _a616.6
092 _a616.6
_221
097 _aPh.D
099 _aCai01.11.34.Ph.D.2025.Om.F
100 0 _aOmar El Sayed Mostafa El Sayed,
_epreparation.
245 1 0 _aFlexible ureteroscopy vs semirigid ureteroscopy in management of proximal ureteric stones :
_bA randomized study /
_cby Omar El Sayed Mostafa El Sayed ; Supervision Prof. Dr. Ismail Rady Saad, Prof. Dr. Sherif Salah Azab, Dr. Ahmed Mohamed Fathy Hussein, Dr. Ragab Abo Srea Bakr.
246 1 5 _aمنظار الحالب المرن مقابل منظار الحالب الصلب في علاج حصوات أعلى الحالب :
_bدراسة مقارنة
264 0 _c2025.
300 _a80 pages :
_billustrations ;
_c25 cm. +
_eCD.
336 _atext
_2rda content
337 _aUnmediated
_2rdamedia
338 _avolume
_2rdacarrier
502 _aThesis (Ph.D)-Cairo University, 2025.
504 _aBibliography: pages 61 -80.
520 3 _ahe incidence of urolithiasis in urology is about 1-5% with a recurrence rate of the disease about 50% (Alatab et al., 2016; Abeywickarama e al., 2016). As proven by studies urolithiasis has been constantly increasing every year (Modi et al., 2018). One of the most frequent types of urinary calculi are upper ureteric stones with a common clinical picture of renal colic and hematuria (Yasui et al., 2013). The treatment of Proximal Ureteral Stones (PUS) is mainly targeting provision of high Stone-Free Rate (SFR) with reduction of associated morbidities. The evolution in the endourological techniques led to the appearance of numerous new modalities in treatment of PUS. Those modalities include Extracorporeal Shock Wave Lithotripsy (ESWL), Ureteroscopy (URS) (semirigid-flexible, retrograde-ante grade), Percutaneous Nephrolithotomy (PCNL), laparoscopic ureterolithotomy, and open surgery (Preminger, 2007; Demirbas et al., 2016). Flexible ureteroscopy (fURS) procedure has numerous advantages. It is minimally invasive with lower risk of developing complications. Also, it is beneficial for either patients who have complex anatomical kidneys or patients having bleeding diathesis or those on anticoagulants (Prabhakar, 2010). FURS is widely rendered the treatment of choice in management of upper urinary tract stones (Zeng et al., 2022). For intra-renal or proximal ureteric stones <20 mm FUS and shockwave lithotripsy (SWL) are considered the primary treatment modalities (Hyams et al., 2015). However, studies showed that a higher single procedure success rate and a lower second re- surgery rate favored fURS as compared to SWL (Zhang et al., 2015).
520 3 _aهدفت هذه الدراسة إلى تقييم ومقارنة فعالية وأمان منظار الحالب المرن ومنظار الحالب شبه الصلب (في علاج حصوات الحالب القريبة التي لا تتجاوز 2 سم. وكان الهدف الأساسي هو تحديد معدل خلو الحصوات ومعدلات المضاعفات ونتائج العمليات لتوجيه اختيار الطريقة الأمثل للعلاج. أُجريت دراسة عشوائية مستقبلية محكمة في مستشفيات جامعة القاهرة خلال الفترة من يوليو 2022 حتى يوليو 2024. شملت الدراسة 130 مريضًا تتراوح أعمارهم بين 15 و65 عامًا ولديهم حصوة منفردة في الحالب القريب، وتم توزيعهم عشوائيًا إلى مجموعتين متساويتين: المجموعة (أ) خضعت للتفتيت باستخدام المنظار المرن، والمجموعة (ب) باستخدام المنظار شبه الصلب. خضع جميع المرضى لتقييم ما قبل العملية، وتم إجراء التفتيت بالليزر تحت التخدير. تم تقييم النتائج من حيث زمن العملية، مدة الإقامة بالمستشفى، المضاعفات (حسب تصنيف Clavien–Dindo)، ومعدل خلو الحصوات بعد 4 أسابيع. أظهرت النتائج تقارب المجموعتين من حيث الخصائص الديموغرافية وصفات الحصوة. حقق المنظار المرن معدل خلو حصوات أعلى (89.2%) مقارنة بالمنظار شبه الصلب (76.9%)، مع قدرة أفضل على الوصول للحصوات خاصة في الحالات ذات الصعوبات التشريحية، لكنه استغرق وقتًا أطول في العملية (54.3 مقابل 41.7 دقيقة). كانت مدة الإقامة ومعدل المضاعفات متشابهة بين المجموعتين وغالبية المضاعفات بسيطة. خلصت الدراسة إلى أن الطريقتين آمنتان وفعالتان، حيث يوفر المنظار المرن نسب نجاح أعلى ومرونة أكبر، بينما يظل المنظار شبه الصلب خيارًا عمليًا وأقل تكلفة في حال عدم توفر المناظير المرنة.
530 _aIssues also as CD.
546 _aText in English and abstract in Arabic & English.
650 0 _aUrology
650 0 _aجراحة المسالك البولية
653 1 _aFlexible Ureteroscopy
_aSemirigid Ureteroscopy
_aProximal Ureteric Stones
700 0 _aIsmail Rady Saad
_ethesis advisor.
700 0 _aSherif Salah Azab
_ethesis advisor.
700 0 _aAhmed Mohamed Fathy Hussein
_ethesis advisor.
700 0 _aRagab Abo Srea Bakr
_ethesis advisor.
900 _b01-01-2025
_cIsmail Rady Saad
_cSherif Salah Azab
_cAhmed Mohamed Fathy Hussein
_cRagab Abo Srea Bakr
_UCairo University
_FFaculty of Medicine
_DDepartment of Urology
905 _aShimaa
_eEman Ghareb
942 _2ddc
_cTH
_e21
_n0
999 _c179213